Тихвинская епархия пятилетию епархии. 2018 (Запись № 12236516)

Подробности
000 -МАРКЕР
контрольное поле 01349nam2a2200265 4500
001 - ИДЕНТИФИКАТОР ЗАПИСИ
контрольное поле RU\NLR\BIBL_A\011878088
005 - ИДЕНТИФИКАТОР ВЕРСИИ
контрольное поле 20250626143127.0
035 ## - ДРУГИЕ СИСТЕМНЫЕ НОМЕРА
Идентификатор записи (NLR Aleph) 011878088
100 ## - ДАННЫЕ ОБЩЕЙ ОБРАБОТКИ
Данные общей обработки 20181130d2018 |||y0rusy50 ca
101 0# - ЯЗЫК РЕСУРСА
Язык текста, звукозаписи и т.д. русский
102 ## - СТРАНА ПУБЛИКАЦИИ ИЛИ ПРОИЗВОДСТВА
Страна публикации Российская Федерация
105 ## - ПОЛЕ КОДИРОВАННЫХ ДАННЫХ: ТЕКСТОВЫЕ МАТЕРИАЛЫ, МОНОГРАФИЧЕСКИЕ
Кодированные данные о монографическом текстовом документе achbz|||010zy
200 0# - ЗАГЛАВИЕ И СВЕДЕНИЯ ОБ ОТВЕТСТВЕННОСТИ
Основное заглавие 2018
Сведения, относящиеся к заглавию к пятилетию епархии
210 ## - ПУБЛИКАЦИЯ, РАСПРОСТРАНЕНИЕ И ДР.
Дата издания, распространения и т.д. 2018
Место издания, распространения и т.д. Б. м.
215 ## - ФИЗИЧЕСКАЯ ХАРАКТЕРИСТИКА
Специфическое обозначение материала и объем 251, [14] с.
Другие сведения о физической характеристике ил., цв. ил., портр., карт., факс.
461 #0 - УРОВЕНЬ НАБОРА
Встроенное поле 001RU\NLR\BIBL_A\011881051
-- 2001#$aТихвинская епархия пятилетию епархии$eкалендарь-справочник$fМосковский патриархат$g[главный редактор: епископ Мстислав]$v2018
Системный номер (АБИС) связанной записи 12249217
Автор Тихвинская епархия
Место публикации Тихвин
Дата публикации 2018
Первые сведения об ответственности Московский патриархат
Имя издателя, распространителя и т.д. Торговый дом "Медный всадник"
Сведения, относящиеся к заглавию календарь-справочник
Заглавие Тихвинская епархия пятилетию епархии
Номер тома 2018
606 1# - НАИМЕНОВАНИЕ ТЕМЫ КАК ПРЕДМЕТ
Наименование темы Монастыри
Географический подзаголовок Ленинградская область
Системный номер авторитетной/нормативной записи 2331599
Идентификатор авторитетной/нормативной записи RU\NLR\AUTH\6601618403
686 2# - ИНДЕКСЫ ДРУГИХ КЛАССИФИКАЦИЙ
Индекс Э372.24-647.2
942 ## - ДОПОЛНИТЕЛЬНЫЕ ЭЛЕМЕНТЫ ЗАПИСИ (АБИС)
Тип экземпляра АБИС Книга
980 ## - КОЛЛЕКЦИЯ
Название коллекции НБР
980 ## - КОЛЛЕКЦИЯ
Название коллекции Национальная библиография
Экземпляры
Тип экземпляра Дата поступления Источник поступления Стоимость Библиотека постоянного хранения Библиотека текущего хранения Место хранения Шифр хранения Штрих-код Статус экземпляра
Книга 30.11.2018 Дар 700.00 РНБ (Московский) РНБ (Московский) Русский книжный фонд: издания с 1957 года 2018-9/431 1-2546387